Smyčcové trio č. 1 Streichtrio Nr. 1 = String trio no. 1 = Trio a cordes no. 1 : partitura /

Hlavní autor: Martinů, Bohuslav, 1890-1959
Další autoři: Velická, Eva, 1976-
Vydáno: Praha : Editio Bärenreiter, 2006
Vydání: 1. vyd.
Témata:
Fyzický popis: 1 partitura (vii, 35 s.) ; 23 cm
Language note: Doprovodný text česky, německy, anglicky a francouzsky
Hudebniny Hudebniny
Uloženo v:
LEADER 01357ncm a2200373 a 4500
001 000847554
003 CZ BrMZK
005 20240425103131.0
007 qu
008 070404s2006 xr zza g d
024 2 |a M-2601-0372-6  |q (brož.) 
028 0 0 |a H 7965  |b Editio Bärenreiter 
040 |a BOA001  |b cze 
041 1 |g cze  |g ger  |g eng  |g fre 
080 |a 787.1/.4:785.73  |2 MRF 
080 |a 78.089.6  |2 MRF 
100 1 |a Martinů, Bohuslav,  |d 1890-1959  |7 jk01080381  |4 cmp 
240 1 0 |a Tria,  |m housle, viola, violoncello,  |n č. 1  |7 aun2007431295 
245 1 0 |a Smyčcové trio č. 1  |h [hudebnina] =  |b Streichtrio Nr. 1 = String trio no. 1 = Trio a cordes no. 1 : partitura /  |c Bohuslav Martinů ; editorka Eva Velická 
246 3 1 |a Streichtrio Nr. 1 
246 3 1 |a Trio a cordes no. 1 
246 3 1 |a String trio no. 1 
250 |a 1. vyd. 
254 |a Partitura 
260 |a Praha :  |b Editio Bärenreiter,  |c 2006 
300 |a 1 partitura (vii, 35 s.) ;  |c 23 cm 
546 |a Doprovodný text česky, německy, anglicky a francouzsky 
650 0 7 |a smyčcová tria  |7 ph254876  |2 czenas 
655 7 |a partitury  |7 fd185981  |2 czenas 
700 1 |a Velická, Eva,  |d 1976-  |7 xx0053769  |4 edt 
910 |a BOA001  |b Mus2-1178.768 
990 |a MU 
991 |b 200704 
996 6 |b 2610306894  |c Mus2-1178.768  |l MZK  |r Sklad / do 1 hodiny  |n 3  |w 000847554  |u 000010  |a 1  |e BOA001  |j MZK50  |s P